[Event "Nizhnij Novgorod Region-ch"]
[Site "Nizhnij Novgorod"]
[Date "2007.10.??"]
[Round "?"]
[White "Kotov, Viktor"]
[Black "Yelizarov, Alexey"]
[Result "1-0"]
[WhiteElo "2358"]
[BlackElo "1945"]
[PlyCount "29"]
[EventDate "2007.10.??"]
[EventType "swiss"]
[EventRounds "9"]
[EventCountry "RUS"]
[SourceTitle "EXT 2009"]
[Source "ChessBase"]
[SourceDate "2008.11.26"]
[SourceVersion "1"]
[SourceVersionDate "2008.11.26"]
[SourceQuality "1"]

1. e4 c5 2. Nf3 e6 3. d4 cxd4 4. Nxd4 Nf6 5. Nc3 Bb4 6. e5 Ne4 7. Qg4 Nxc3 8. Qxg7 Rf8 9. a3 Qh4 10. axb4 Qxd4 11. Bh6 Qe4+ 12. Kd2 Qd4+ 13. Bd3 Ne4+ 14. Kc1 Qxb4 15. Bxe4 1-0

[Event "Petrovskaya Ladya op 08"]
[Site "Peterhof"]
[Date "2007.08.15"]
[Round "9"]
[White "Rikkinen, Stanislav"]
[Black "Kotov, Viktor"]
[Result "0-1"]
[WhiteElo "2191"]
[BlackElo "2352"]
[PlyCount "92"]
[EventDate "2007.08.06"]
[EventType "swiss"]
[EventRounds "9"]
[EventCountry "RUS"]
[SourceTitle "EXT 2008"]
[Source "ChessBase"]
[SourceDate "2007.11.25"]
[SourceVersion "1"]
[SourceVersionDate "2007.11.25"]
[SourceQuality "1"]

1. d4 d5 2. Nc3 Nf6 3. Bg5 Nbd7 4. e3 c6 5. Nf3 Qa5 6. Nd2 g6 7. Bd3 Bg7 8. 0-0 e5 9. Nb3 Qc7 10. dxe5 Nxe5 11. Bf4 0-0 12. Be2 Qe7 13. Nd4 Re8 14. Re1 Bd7 15. Nf3 Nfg4 16. Qd2 Nxf3+ 17. Bxf3 Qb4 18. Rab1 Ne5 19. Be2 Nc4 20. Bxc4 Qxc4 21. Qd3 Qxd3 22. cxd3 d4 23. Ne4 dxe3 24. fxe3 Be6 25. b3 Rad8 26. Nd6 Re7 27. d4 Red7 28. Nc4 f6 29. Rbc1 Bf8 30. Nb2 Ba3 31. Rc2 Bf5 32. Rf2 c5 33. dxc5 Bxc5 34. h3 Kg7 35. Rc1 Ba3 36. Rc7 b5 37. g4 Be4 38. g5 f5 39. Be5+ Kf7 40. Rxd7+ Rxd7 41. Kh2 Ke6 42. Bc3 Rc7 43. Nd1 Bd6+ 44. Kg1 b4 45. Bb2 Rc2 46. Bd4 Rc1 0-1

[Event "Kimry Rating 33rd"]
[Site "Kimry"]
[Date "2007.01.21"]
[Round "1"]
[White "Makhnev, Vladimir"]
[Black "Kotov, Viktor"]
[Result "0-1"]
[WhiteElo "2310"]
[BlackElo "2301"]
[PlyCount "142"]
[EventDate "2007.01.21"]
[EventType "tourn"]
[EventRounds "10"]
[EventCountry "RUS"]
[SourceTitle "EXT 2008"]
[Source "ChessBase"]
[SourceDate "2007.11.25"]
[SourceVersion "1"]
[SourceVersionDate "2007.11.25"]
[SourceQuality "1"]

1. e4 c5 2. Nf3 d6 3. d4 cxd4 4. Nxd4 Nf6 5. Nc3 Nc6 6. Bg5 e6 7. f4 Qb6 8. Nb3 Qe3+ 9. Qe2 Qxe2+ 10. Bxe2 a6 11. 0-0 Be7 12. Bf3 h6 13. Bh4 g5 14. Bg3 gxf4 15. Bxf4 Nd7 16. Rad1 Nde5 17. Bh5 b5 18. Nd4 Nxd4 19. Rxd4 Rh7 20. Bxe5 dxe5 21. Rd3 Ra7 22. a3 Rc7 23. Rdf3 Bg5 24. g3 Rg7 25. Rd1 Rd7 26. Rfd3 Ke7 27. Kf2 Rxd3 28. Rxd3 Bb7 29. Rd1 Bc6 30. Be2 Rg8 31. Bd3 Rc8 32. h4 Bf6 33. Ne2 Ke8 34. Ng1 Be7 35. Nf3 f6 36. g4 f5 37. Nxe5 fxe4 38. Be2 Bxh4+ 39. Kg2 Bd5 40. c3 Bg5 41. Rf1 Rc7 42. Kg3 Rg7 43. a4 Be7 44. c4 bxc4 45. Nxc4 h5 46. Ne3 Bb7 47. Rh1 Bd6+ 48. Kh4 Bc5 49. Rh3 Be7+ 50. Kg3 h4+ 51. Rxh4 Bxh4+ 52. Kxh4 a5 53. Bb5+ Ke7 54. g5 Bd5 55. Kh5 Rh7+ 56. Kg4 Rh2 57. Kf4 Rxb2 58. Ke5 Rb3 59. Nc2 Rg3 60. Kf4 Rf3+ 61. Kg4 e5 62. Kh5 Rh3+ 63. Kg4 Rc3 64. Ne1 Bc6 65. Ba6 Bxa4 66. Kf5 Bb3 67. Kxe4 a4 68. Nd3 Bc2 69. Kxe5 Bxd3 70. Kd4 Rc1 71. Bxd3 a3 0-1

[Event "Vladimir op"]
[Site "Vladimir"]
[Date "2004.08.24"]
[Round "7"]
[White "Krainov, Alexey"]
[Black "Kotov, Viktor"]
[Result "1/2-1/2"]
[WhiteElo "2140"]
[BlackElo "2332"]
[PlyCount "75"]
[EventDate "2004.08.18"]
[EventType "swiss"]
[EventRounds "9"]
[EventCountry "RUS"]
[SourceTitle "EXT 2005"]
[Source "ChessBase"]
[SourceDate "2004.11.15"]
[SourceVersion "1"]
[SourceVersionDate "2004.11.15"]
[SourceQuality "1"]

1. e4 c5 2. Nf3 Nc6 3. d4 cxd4 4. Nxd4 Nf6 5. Nc3 d6 6. Bc4 Qb6 7. Nb3 e6 8. 0-0 Be7 9. Be3 Qc7 10. f4 a6 11. Be2 b5 12. Bf3 Bb7 13. a4 b4 14. Ne2 0-0 15. a5 Nd7 16. Qd2 Nc5 17. Nbd4 Rab8 18. Nxc6 Bxc6 19. Ng3 Rfd8 20. Qf2 Rb5 21. Be2 Rxa5 22. Rxa5 Qxa5 23. f5 Rf8 24. Bxc5 Qxc5 25. Qxc5 dxc5 26. Bxa6 exf5 27. Nxf5 Bd8 28. e5 Be4 29. Nd6 Bg6 30. Bc4 Be7 31. Bb3 h6 32. h3 h5 33. Rf3 h4 34. Rf1 Bh5 35. Rf5 Bg6 36. Rf1 Bh5 37. Rf5 Bg6 38. Rf1 1/2-1/2

[Event "Vladimir op"]
[Site "Vladimir"]
[Date "2004.08.23"]
[Round "6"]
[White "Kotov, Viktor"]
[Black "Kolomensky, Vladimir"]
[Result "1/2-1/2"]
[WhiteElo "2332"]
[BlackElo "2246"]
[PlyCount "97"]
[EventDate "2004.08.18"]
[EventType "swiss"]
[EventRounds "9"]
[EventCountry "RUS"]
[SourceTitle "EXT 2005"]
[Source "ChessBase"]
[SourceDate "2004.11.15"]
[SourceVersion "1"]
[SourceVersionDate "2004.11.15"]
[SourceQuality "1"]

1. e4 c5 2. Nf3 e6 3. d4 cxd4 4. Nxd4 a6 5. Bd3 Bc5 6. Nb3 Be7 7. Nc3 d6 8. Be3 Nd7 9. f4 Qc7 10. 0-0 Ngf6 11. a4 b6 12. Qf3 Bb7 13. Qg3 0-0 14. Rae1 Rfe8 15. Kh1 Bf8 16. Bd2 g6 17. Nd4 Bg7 18. Nf3 Nc5 19. Qh3 Nfd7 20. f5 Nxd3 21. cxd3 exf5 22. exf5 Rxe1 23. Bxe1 Re8 24. Bd2 Nf6 25. fxg6 fxg6 26. Qh4 Qc8 27. Qf4 Qc6 28. Rc1 Nd5 29. Qh4 Nxc3 30. Bxc3 Rf8 31. Qh3 Bxc3 32. bxc3 Qc5 33. Qe6+ Kh8 34. Qe7 Rxf3 35. Qxb7 Rxd3 36. Rf1 Qf2 37. Rg1 a5 38. h3 Rxc3 39. Qd7 Rc2 40. Qxd6 Kg7 41. Qc6 h5 42. Qc3+ Kh7 43. Qc7+ Kh6 44. Qc3 h4 45. Qh8+ Kg5 46. Qd8+ Qf6 47. Qd3 Qf2 48. Qd8+ Qf6 49. Qd3 1/2-1/2

[Event "Vladimir op"]
[Site "Vladimir"]
[Date "2004.08.19"]
[Round "2"]
[White "Kotov, Viktor"]
[Black "Tunik, Gennady"]
[Result "1/2-1/2"]
[WhiteElo "2332"]
[BlackElo "2505"]
[PlyCount "80"]
[EventDate "2004.08.18"]
[EventType "swiss"]
[EventRounds "9"]
[EventCountry "RUS"]
[SourceTitle "EXT 2005"]
[Source "ChessBase"]
[SourceDate "2004.11.15"]
[SourceVersion "1"]
[SourceVersionDate "2004.11.15"]
[SourceQuality "1"]

1. e4 c5 2. Nf3 e6 3. d4 cxd4 4. Nxd4 Nc6 5. Nb5 d6 6. c4 Nf6 7. N1c3 a6 8. Nd4 Nxd4 9. Qxd4 Qc7 10. Be2 Be7 11. 0-0 0-0 12. Be3 Bd7 13. Rac1 Rac8 14. Rfd1 Qa5 15. a3 Bc6 16. b4 Qd8 17. b5 Bd7 18. Qa7 axb5 19. cxb5 Ra8 20. Qxb7 Rxa3 21. Qb6 Qa8 22. Qd4 Bc8 23. f3 Nd7 24. Qd2 Bb7 25. Nb1 Ra2 26. Rc2 Rxc2 27. Qxc2 Rc8 28. Qb2 d5 29. exd5 Bxd5 30. Nc3 Bf6 31. Bd4 Bxd4+ 32. Rxd4 Nf6 33. Rd1 Qb8 34. Nxd5 Nxd5 35. Bd3 g6 36. Rb1 Nb6 37. Qf2 Rd8 38. Bf1 Qd6 39. Rc1 Rc8 40. Ra1 Qe5 1/2-1/2

[Event "Vladimir op"]
[Site "Vladimir"]
[Date "2004.08.18"]
[Round "1"]
[White "Shaposhnikov, Evgeny"]
[Black "Kotov, Viktor"]
[Result "1/2-1/2"]
[WhiteElo "2563"]
[BlackElo "2332"]
[PlyCount "119"]
[EventDate "2004.08.18"]
[EventType "swiss"]
[EventRounds "9"]
[EventCountry "RUS"]
[SourceTitle "EXT 2005"]
[Source "ChessBase"]
[SourceDate "2004.11.15"]
[SourceVersion "1"]
[SourceVersionDate "2004.11.15"]
[SourceQuality "1"]

1. e4 c5 2. Nf3 d6 3. d4 cxd4 4. Nxd4 Nf6 5. f3 e5 6. Bb5+ Bd7 7. Bxd7+ Nbxd7 8. Nf5 d5 9. exd5 Nb6 10. Bg5 Qxd5 11. Bxf6 Qxd1+ 12. Kxd1 gxf6 13. Ke2 0-0-0 14. Nc3 Nc4 15. Rad1 Rxd1 16. Nxd1 Bc5 17. b3 Na3 18. c3 Rd8 19. Nde3 Nb5 20. Rc1 Bxe3 21. Nxe3 Rd6 22. a4 Nc7 23. g3 Ne6 24. b4 Ng7 25. Nc4 Rc6 26. Kd3 Kd7 27. Re1 Ne6 28. Ne3 Nc7 29. c4 a5 30. b5 Rd6+ 31. Kc3 Ke6 32. f4 e4 33. g4 Rd3+ 34. Kc2 Kd6 35. Nf5+ Kc5 36. Ng3 Rf3 37. Nxe4+ Kd4 38. f5 Rf4 39. Nd2 Na8 40. Re7 Nb6 41. Rxb7 Nxc4 42. Rd7+ Ke5 43. Nxc4+ Rxc4+ 44. Kb3 Rxg4 45. Rxf7 h5 46. Ra7 Rb4+ 47. Ka3 Kd4 48. Rxa5 Kc3 49. b6 Rb3+ 50. Ka2 Rb2+ 51. Ka1 Rxb6 52. Ra8 Kc2 53. a5 Rb4 54. Rc8+ Kd3 55. Rc5 Ra4+ 56. Kb2 Kd4 57. Rb5 Kc4 58. Rb6 Rxa5 59. Rxf6 Kd4 60. Rb6 1/2-1/2

[Event "RUS-ch U18"]
[Site "Dagomys"]
[Date "2004.04.??"]
[Round "6"]
[White "Kotov, Viktor"]
[Black "Evstratov, Oleg"]
[Result "1/2-1/2"]
[WhiteElo "2335"]
[BlackElo "2249"]
[PlyCount "70"]
[EventDate "2004.04.??"]
[EventType "swiss"]
[EventRounds "10"]
[EventCountry "RUS"]
[SourceTitle "EXT 2005"]
[Source "ChessBase"]
[SourceDate "2004.11.15"]
[SourceVersion "1"]
[SourceVersionDate "2004.11.15"]
[SourceQuality "1"]

1. e4 e5 2. Nf3 Nf6 3. Nc3 Nc6 4. d4 exd4 5. Nxd4 Bb4 6. Nxc6 bxc6 7. Bd3 0-0 8. 0-0 d5 9. exd5 cxd5 10. Bg5 c6 11. Qf3 Be7 12. h3 Rb8 13. b3 c5 14. Rfe1 Bb7 15. Qf5 Bc8 16. Qf4 Be6 17. Rad1 g6 18. Qe5 Re8 19. Bb5 Rf8 20. Bc6 d4 21. Na4 Qc8 22. Bf3 Nd7 23. Qg3 Bxg5 24. Qxg5 Qc7 25. c3 Qd6 26. cxd4 cxd4 27. Re4 Rb4 28. Qd2 Rc8 29. Rxd4 Rxd4 30. Qxd4 Qxd4 31. Rxd4 Rc2 32. Bd5 Bxd5 33. Rxd5 Nf6 34. Ra5 Rxa2 35. Rxa7 Ne4 1/2-1/2

[Event "RUS-ch U18"]
[Site "Dagomys"]
[Date "2004.04.??"]
[Round "4"]
[White "Kotov, Viktor"]
[Black "Konenkin, Dmitry"]
[Result "1-0"]
[WhiteElo "2335"]
[BlackElo "2236"]
[PlyCount "70"]
[EventDate "2004.04.??"]
[EventType "swiss"]
[EventRounds "10"]
[EventCountry "RUS"]
[SourceTitle "EXT 2005"]
[Source "ChessBase"]
[SourceDate "2004.11.15"]
[SourceVersion "1"]
[SourceVersionDate "2004.11.15"]
[SourceQuality "1"]

1. e4 d6 2. d4 Nf6 3. Nc3 g6 4. Nf3 Bg7 5. Bf4 c6 6. Qd2 b5 7. Bd3 0-0 8. Bh6 Nbd7 9. Bxg7 Kxg7 10. e5 dxe5 11. dxe5 Ng4 12. Qf4 Nc5 13. Be2 Qb6 14. Nd1 Nh6 15. h4 Ne6 16. Qb4 Nf5 17. h5 Ned4 18. Nxd4 Qxd4 19. Qxd4 Nxd4 20. Ne3 Rd8 21. Bd3 Bb7 22. Be4 f5 23. exf6+ exf6 24. c3 Ne6 25. hxg6 hxg6 26. g3 Nc5 27. Bc2 Rd6 28. Rh4 Nd3+ 29. Ke2 Ne5 30. Rah1 Bc8 31. Rh7+ Kf8 32. Rh8+ Ke7 33. R1h7+ Nf7 34. Bxg6 Bg4+ 35. Nxg4 Rxh8 1-0

[Event "RUS-ch U18"]
[Site "Dagomys"]
[Date "2004.04.??"]
[Round "3"]
[White "Shestakov, Dmitry"]
[Black "Kotov, Viktor"]
[Result "1/2-1/2"]
[WhiteElo "2152"]
[BlackElo "2335"]
[PlyCount "54"]
[EventDate "2004.04.??"]
[EventType "swiss"]
[EventRounds "10"]
[EventCountry "RUS"]
[SourceTitle "EXT 2005"]
[Source "ChessBase"]
[SourceDate "2004.11.15"]
[SourceVersion "1"]
[SourceVersionDate "2004.11.15"]
[SourceQuality "1"]

1. d4 d5 2. Nf3 Nf6 3. c4 c6 4. Qc2 g6 5. Nc3 Bg7 6. cxd5 cxd5 7. Bf4 0-0 8. e3 Nc6 9. Bb5 Bd7 10. 0-0 a6 11. Bxc6 Bxc6 12. Ne5 Rc8 13. Qd3 Nh5 14. Nxc6 bxc6 15. Bg5 h6 16. Bh4 Rb8 17. Qxa6 g5 18. Bg3 Nxg3 19. hxg3 Qd6 20. Qa3 Qxa3 21. bxa3 Rb2 22. Na4 Rbb8 23. Nc5 e5 24. dxe5 Bxe5 25. Nd7 Bxa1 26. Nxf8 Kxf8 27. Rxa1 Ra8 1/2-1/2

[Event "St Petersburg White Nights op1"]
[Site "St Petersburg"]
[Date "2002.??.??"]
[Round "7"]
[White "Chepukaitis, Genrikh"]
[Black "Kotov, Viktor"]
[Result "1/2-1/2"]
[WhiteElo "2402"]
[BlackElo "2268"]
[PlyCount "120"]
[EventDate "2002.??.??"]
[EventType "swiss"]
[EventRounds "9"]
[EventCountry "RUS"]
[SourceTitle "EXT 2003"]
[Source "ChessBase"]
[SourceDate "2002.11.25"]
[SourceVersion "1"]
[SourceVersionDate "2002.11.25"]
[SourceQuality "1"]

1. d4 d5 2. Bg5 h6 3. Bh4 c6 4. c4 Qb6 5. Qd2 Bf5 6. Nc3 e6 7. f3 Be7 8. Bf2 Nf6 9. g4 Bh7 10. h4 h5 11. g5 Nfd7 12. Nh3 Bf5 13. Nf4 Bd6 14. 0-0-0 Qc7 15. Bg3 b5 16. e4 dxe4 17. fxe4 Bg4 18. e5 Bb4 19. Be2 Bxe2 20. Nfxe2 bxc4 21. g6 fxg6 22. Qc2 Nf8 23. Ne4 Qa5 24. a3 Be7 25. Qxc4 Qa6 26. Qc2 Nbd7 27. Rhf1 Rb8 28. Rf3 Qb5 29. Bf4 Nb6 30. Rb3 Qa4 31. Bg5 Nfd7 32. Bxe7 Kxe7 33. Nf4 Rh6 34. Nc5 Nxc5 35. Qxc5+ Kf7 36. Rb4 Qa6 37. Qd6 Re8 38. Nh3 g5 39. Nxg5+ Kg8 40. Kb1 Qe2 41. Rc1 Qg4 42. Qxc6 Rf8 43. Ka2 Qxh4 44. Nxe6 Qe7 45. Rxb6 axb6 46. d5 Re8 47. Qxb6 Rxe6 48. dxe6 Qxe6+ 49. Qxe6+ Rxe6 50. Rh1 Rh6 51. Kb3 g5 52. Kc4 g4 53. Kd5 g3 54. Ke4 h4 55. Kf3 Kf7 56. Kg2 Ke6 57. b4 Kxe5 58. b5 Kd5 59. Rc1 Re6 60. Kh3 Re3 1/2-1/2

[Event "RUS-chT U18"]
[Site "Orsk"]
[Date "2002.??.??"]
[Round "?"]
[White "Kotov, Viktor"]
[Black "Burkhanov, Damir"]
[Result "1-0"]
[WhiteElo "2268"]
[BlackElo "2197"]
[PlyCount "37"]
[EventDate "2002.??.??"]
[EventType "team-tourn"]
[EventRounds "9"]
[EventCountry "RUS"]
[SourceTitle "EXT 2003"]
[Source "ChessBase"]
[SourceDate "2002.11.25"]
[SourceVersion "1"]
[SourceVersionDate "2002.11.25"]
[SourceQuality "1"]

1. d4 Nf6 2. c4 g6 3. Nc3 Bg7 4. e4 0-0 5. Nf3 d6 6. Be2 Nbd7 7. 0-0 e5 8. dxe5 Nxe5 9. Nxe5 dxe5 10. Qxd8 Rxd8 11. Bg5 h6 12. Bxf6 Bxf6 13. Nd5 Bg7 14. Nxc7 Rb8 15. Rfd1 Rxd1+ 16. Rxd1 Be6 17. Nxe6 fxe6 18. Rd7 Kf8 19. Bg4 1-0

[Event "RUS-chT U18"]
[Site "Orsk"]
[Date "2002.??.??"]
[Round "?"]
[White "Kotov, Viktor"]
[Black "Kostin, Konstantin"]
[Result "1-0"]
[WhiteElo "2268"]
[BlackElo "2320"]
[PlyCount "101"]
[EventDate "2002.??.??"]
[EventType "team-tourn"]
[EventRounds "9"]
[EventCountry "RUS"]
[SourceTitle "EXT 2003"]
[Source "ChessBase"]
[SourceDate "2002.11.25"]
[SourceVersion "1"]
[SourceVersionDate "2002.11.25"]
[SourceQuality "1"]

1. e4 c6 2. d4 d5 3. Nc3 b5 4. a3 a6 5. h3 dxe4 6. Nxe4 Bf5 7. Ng3 Bg6 8. Nf3 Nd7 9. Nh4 Ngf6 10. Nxg6 hxg6 11. Be2 e6 12. Bf3 Rc8 13. 0-0 Bd6 14. Ne2 Nd5 15. b3 Qh4 16. c4 N5f6 17. Qd2 Bb8 18. Qg5 Qxg5 19. Bxg5 bxc4 20. bxc4 e5 21. Rfe1 0-0 22. Rab1 Rfe8 23. g3 Bd6 24. a4 a5 25. Bd2 Bb4 26. Red1 c5 27. dxc5 e4 28. Bg4 Bxd2 29. Rxd2 Ne5 30. Bxc8 Nf3+ 31. Kg2 Nxd2 32. Rd1 e3 33. Ba6 Nb3 34. c6 Nc5 35. Bb5 Rc8 36. fxe3 Kf8 37. Nc3 Ne6 38. e4 Ne8 39. Kf2 Nd8 40. Nd5 Nxc6 41. Nb6 Rc7 42. c5 Nf6 43. Ke3 Ne5 44. c6 Ke7 45. Nd5+ Nxd5+ 46. exd5 Kd6 47. Be2 Re7 48. Kf2 f5 49. Bf1 g5 50. Bg2 f4 51. Rb1 1-0

[Event "RUS-chT U18"]
[Site "Orsk"]
[Date "2002.??.??"]
[Round "?"]
[White "Ponkratov, Pavel"]
[Black "Kotov, Viktor"]
[Result "1-0"]
[WhiteElo "2218"]
[BlackElo "2268"]
[PlyCount "59"]
[EventDate "2002.??.??"]
[EventType "team-tourn"]
[EventRounds "9"]
[EventCountry "RUS"]
[SourceTitle "EXT 2003"]
[Source "ChessBase"]
[SourceDate "2002.11.25"]
[SourceVersion "1"]
[SourceVersionDate "2002.11.25"]
[SourceQuality "1"]

1. e4 c5 2. Nf3 Nc6 3. d4 cxd4 4. Nxd4 Nf6 5. Nc3 d6 6. f4 Bd7 7. Nf3 g6 8. Bc4 Na5 9. Bd3 Bg7 10. 0-0 0-0 11. h3 Rc8 12. Qe2 Nh5 13. Kh2 e5 14. fxe5 dxe5 15. Nd5 Be6 16. c4 Nc6 17. Be3 Nf4 18. Qd2 g5 19. g3 Bxh3 20. Rf2 Be6 21. gxf4 gxf4 22. Bxf4 exf4 23. Rg1 f6 24. Rfg2 Rf7 25. Qxf4 Bxd5 26. exd5 Ne7 27. Nd4 Nxd5 28. cxd5 Qxd5 29. Nf5 Qxd3 30. Nh6+ 1-0

[Event "Voronezh op 5th"]
[Site "Voronezh"]
[Date "2001.06.21"]
[Round "9"]
[White "Kotov, Viktor"]
[Black "Rodin, Mihail"]
[Result "1/2-1/2"]
[WhiteElo "2286"]
[BlackElo "2376"]
[PlyCount "70"]
[EventDate "2001.06.12"]
[EventType "swiss"]
[EventRounds "9"]
[EventCountry "RUS"]
[SourceTitle "EXT 2002"]
[Source "ChessBase"]
[SourceDate "2001.11.25"]
[SourceVersion "1"]
[SourceVersionDate "2001.11.25"]
[SourceQuality "1"]

1. e4 e5 2. Nf3 Nc6 3. Bb5 a6 4. Bxc6 dxc6 5. Nc3 f6 6. d4 exd4 7. Nxd4 c5 8. Nde2 Qxd1+ 9. Nxd1 Bd6 10. Bf4 Be6 11. Ne3 Ne7 12. 0-0-0 0-0-0 13. Rd2 Bxf4 14. Rxd8+ Rxd8 15. Nxf4 Bf7 16. Rd1 Re8 17. f3 c6 18. g4 g5 19. Ne2 Kc7 20. Ng3 Ng6 21. Nh5 Re6 22. Nf5 Nh4 23. Nxh4 gxh4 24. Ng7 Re5 25. Nf5 h3 26. a3 h5 27. Rg1 Be6 28. gxh5 Bxf5 29. exf5 Rxf5 30. h6 Rh5 31. Rg7+ Kd6 32. h7 Ke5 33. Kd2 Kf4 34. Ke2 b5 35. Kf2 c4 1/2-1/2

[Event "Voronezh op 5th"]
[Site "Voronezh"]
[Date "2001.06.16"]
[Round "5"]
[White "Karpeshov, Oleg Mikhailovich"]
[Black "Kotov, Viktor"]
[Result "1-0"]
[WhiteElo "2437"]
[BlackElo "2286"]
[PlyCount "57"]
[EventDate "2001.06.12"]
[EventType "swiss"]
[EventRounds "9"]
[EventCountry "RUS"]
[SourceTitle "EXT 2002"]
[Source "ChessBase"]
[SourceDate "2001.11.25"]
[SourceVersion "1"]
[SourceVersionDate "2001.11.25"]
[SourceQuality "1"]

1. e4 c5 2. Nf3 Nc6 3. d4 cxd4 4. Nxd4 Nf6 5. Nc3 d6 6. Bg5 e6 7. Qd2 a6 8. 0-0-0 Bd7 9. f4 b5 10. Bxf6 gxf6 11. Kb1 Qb6 12. Nce2 Rc8 13. g3 Na5 14. b3 Nb7 15. Bg2 Nc5 16. Rhe1 b4 17. Qe3 Bg7 18. g4 Ke7 19. Ng3 Rhd8 20. Nh5 Bh8 21. g5 fxg5 22. Nf5+ exf5 23. exf5+ Be6 24. fxe6 f5 25. Ng3 Rf8 26. Nxf5+ Rxf5 27. Qh3 Rcf8 28. Qxh7+ Ke8 29. e7 1-0

[Event "RUS-ch U16"]
[Site "Cherepovets"]
[Date "2001.??.??"]
[Round "?"]
[White "Abramov, Valentin"]
[Black "Kotov, Viktor"]
[Result "1-0"]
[WhiteElo "2213"]
[BlackElo "2214"]
[PlyCount "53"]
[EventDate "2001.??.??"]
[EventType "swiss"]
[EventRounds "10"]
[EventCountry "RUS"]
[SourceTitle "EXT 2002"]
[Source "ChessBase"]
[SourceDate "2001.11.25"]
[SourceVersion "1"]
[SourceVersionDate "2001.11.25"]
[SourceQuality "1"]

1. d4 Nf6 2. Bg5 Ne4 3. Bh4 c5 4. f3 g5 5. fxe4 gxh4 6. e3 Bh6 7. Kf2 cxd4 8. exd4 Qb6 9. Nc3 e6 10. Nf3 Nc6 11. Bc4 0-0 12. Re1 Qxb2 13. Nb5 Qb4 14. Qd3 Na5 15. Bb3 a6 16. Nc3 h3 17. gxh3 Nxb3 18. axb3 f5 19. Rg1+ Kh8 20. Rg2 b6 21. Rag1 Bb7 22. Ke2 Rac8 23. Ne5 Qe7 24. Qg3 d6 25. Qh4 Rf7 26. Ng6+ hxg6 27. Qxh6+ 1-0

[Event "RUS-ch U16"]
[Site "Cherepovets"]
[Date "2001.??.??"]
[Round "?"]
[White "Kotov, Viktor"]
[Black "Ayupov, Damir"]
[Result "1/2-1/2"]
[WhiteElo "2214"]
[BlackElo "2349"]
[PlyCount "61"]
[EventDate "2001.??.??"]
[EventType "swiss"]
[EventRounds "10"]
[EventCountry "RUS"]
[SourceTitle "EXT 2002"]
[Source "ChessBase"]
[SourceDate "2001.11.25"]
[SourceVersion "1"]
[SourceVersionDate "2001.11.25"]
[SourceQuality "1"]

1. e4 Nf6 2. e5 Nd5 3. d4 d6 4. c4 Nb6 5. exd6 cxd6 6. Nc3 g6 7. Be3 Bg7 8. Rc1 0-0 9. b3 e5 10. dxe5 dxe5 11. Qxd8 Rxd8 12. c5 N6d7 13. Bc4 Nc6 14. Nf3 Na5 15. Be2 Nf8 16. Nb5 Be6 17. 0-0 Nc6 18. Rfd1 h6 19. Rd6 Rac8 20. Rxd8 Rxd8 21. Rd1 Rxd1+ 22. Bxd1 Nd7 23. Nd6 b6 24. cxb6 Nxb6 25. Nb5 Nd5 26. Bxa7 Nxa7 27. Nxa7 Nc3 28. Bc2 Nxa2 29. Nc6 Nc3 30. Kf1 Nb5 31. Ncxe5 1/2-1/2